00574 2200217 4500001002100000005001500021035002000036007000300056008004100059020001800100082001000118084001600128100001700144245005500161250001000216260004300226300002300269650003400292856001400326990001600340INLIS00000000000688120240905034127 a0010-0924000035ta240905 0 ind  a9786029400601 a658.3 a658.3 PAN m0 aPandi Afandi1 aManajemen sumber daya manusia :b- /cPandi Afandi acet.1 aYogyakarta :bZanafa Publishing,c2018 aviii,200p. ;c22cm 4aManajemen sumber daya manusia amanajemen a00000000913